[Event "Chinese Chess League 2019"]
[Site "Shen Yang"]
[Date "2019.11.21"]
[Round "16.1"]
[White "Zhao, Jun"]
[Black "Riazantsev, Alexander"]
[Result "1/2-1/2"]
[WhiteElo "2641"]
[BlackElo "2642"]
[Annotator "TA"]
[PlyCount "130"]
[EventDate "2019.04.09"]
[EventType "team-tourn"]
[EventCountry "CHN"]
[SourceTitle "playchess.com"]
[Source "ChessBase"]
[SourceQuality "1"]

{[%evp 15,130,0,0,-28,0,-8,17,16,23,11,26,27,45,39,51,47,45,41,45,37,39,37,53,22,44,26,41,36,30,32,46,52,64,37,62,63,51,58,54,45,56,49,52,43,43,43,43,43,43,43,43,43,43,40,40,37,41,41,41,37,38,37,41,40,41,25,25,25,33,25,25,24,24,24,33,32,37,32,33,14,14,0,33,24,24,24,24,24,25,0,25,24,25,26,27,19,19,19,19,19,19,8,8,8,19,19,20,8,8,8,8,8,8,8,8,8,8]} 1. d4 d5 2. c4 e6 3. Nc3 Nf6 4. Bg5 Be7 5. e3 h6 6. Bxf6 Bxf6 7. cxd5 exd5 8. Bd3 O-O 9. Nge2 {D53: Queen's Gambit Declined: 4 Bg5 Be7: Early deviations} c6 (9... Re8 10. O-O c6 11. Qc2 Nd7 12. Nf4 Nf8 13. a3 Be7 14. b4 Bd6 15. Nfe2 a6 16. Na4 Qf6 {½-½ (16) Starostits,I (2475)-Vassallo,M (2404) Ourense 2014}) 10. b4 Be7 $146 ({Predecessor:} 10... Re8 11. O-O Nd7 12. Rb1 Nf8 13. b5 Bd7 14. Qb3 Ne6 15. Rfc1 g6 {1-0 (62) Temizkan,D (2210)-Yener,C (1858) Hatay 2018}) 11. b5 cxb5 12. Bxb5 Be6 13. O-O Nd7 14. Nf4 Nf6 15. Bd3 Bd6 16. Nxe6 fxe6 17. g3 Rc8 18. Ne2 g5 19. Qb3 Qd7 20. Nc3 Kh8 21. e4 dxe4 22. Nxe4 Nxe4 23. Bxe4 b6 24. Rae1 Rf6 25. Bg2 Bf8 26. Re4 Qd5 27. Qa4 Qc6 28. Qa6 b5 29. Qxa7 {Black must now prevent Rf4.} Ra8 $1 {[%cal Ra8a7]} 30. Rxe6 $1 {[%mdl 64] [#] Pin} Rxa7 31. Rxc6 (31. Bxc6 $2 {too greedy.} Rxe6 32. Bxb5 Re4 $19) 31... Rxc6 32. Bxc6 Rxa2 33. Bxb5 $14 {[%mdl 4096] Endgame KRB-KRB} Rd2 34. Bc6 Rxd4 35. Rc1 Ba3 36. Rc3 Bb4 37. Rf3 Rd6 38. Be4 Bc5 39. Rc3 Bb6 40. Kg2 Rd2 41. Rc6 Bxf2 42. Rxh6+ Kg7 43. Rg6+ (43. Rh5 {is interesting.} Bc5+ 44. Kf3 Be7 45. Rh7+ Kf6 46. Rh6+) 43... Kf7 44. Kf3 Be1 45. Rh6 Rd4 46. Rh7+ Kf6 47. Ke3 Bf2+ 48. Kf3 g4+ 49. Kf4 Bg1 50. Rh6+ Kg7 51. Rh4 Kf6 52. Rh6+ Kg7 53. Rg6+ Kf7 {[#] Hoping for ...Rxe4+!} 54. Rxg4 {Strongly threatening Ke5.} Bxh2 55. Ke5 Rd2 {The position is equal.} 56. Bd5+ Ke7 57. Rg7+ Kf8 58. Rf7+ (58. Rg8+ {keeps more tension.} Ke7 59. Ke4 Kf6 60. g4 Re2+ 61. Kf3) 58... Ke8 59. Rf3 Rf2 60. Rb3 Kf8 61. Be4 Kg7 62. Bf5 Re2+ 63. Kf4 Rg2 64. Be4 Rxg3 65. Rxg3+ Bxg3+ {Accuracy: White = 66%, Black = 69%.} 1/2-1/2

[Event "Chinese Chess League 2019"]
[Site "Shen Yang"]
[Date "2019.11.21"]
[Round "16.2"]
[White "Wen, Yang"]
[Black "Wang, Hao"]
[Result "0-1"]
[WhiteElo "2586"]
[BlackElo "2752"]
[Annotator "TA"]
[PlyCount "88"]
[EventDate "2019.04.09"]
[EventType "team-tourn"]
[EventCountry "CHN"]
[SourceTitle "playchess.com"]
[Source "ChessBase"]
[SourceQuality "1"]

{[%evp 15,88,0,8,0,6,0,0,0,38,22,33,27,33,38,51,59,47,56,70,68,69,16,41,13,26,14,33,2,27,0,7,0,8,8,7,6,3,0,0,0,0,0,0,-10,-4,-14,-11,-6,-4,-40,-43,-53,-43,-61,-27,-31,0,0,0,-6,-6,-6,-6,-61,-73,-76,-77,-389,-391,-389,-385,-360,-364,-327,-341]} 1. e4 e5 2. Nf3 Nc6 3. Nc3 Nf6 4. d4 exd4 5. Nxd4 Bb4 6. Nxc6 bxc6 7. Bd3 O-O 8. O-O Re8 9. Re1 {C47: Scotch Four Knights and Four Knights with 4 g3} d6 10. Bg5 h6 11. Bh4 {The position is equal.} g5 12. Bg3 Ng4 13. Qd2 $146 ({Predecessor:} 13. e5 Nxe5 14. Bxe5 dxe5 15. Rxe5 Bxc3 16. bxc3 Bd7 17. Rxe8+ Qxe8 {½-½ (30) Muzychuk,M (2554)-Howell,D (2685) Caleta 2016}) 13... Bc5 14. Na4 Bd4 15. h3 Ne5 16. Be2 Qf6 17. Rad1 (17. Qxd4 $2 Nf3+ 18. Bxf3 Qxd4 $19) 17... Bb6 $1 18. Qc3 ({Of course not} 18. Nxb6 axb6 19. Qc3 Rxa2 $11) (18. c4 $14) 18... Bd7 19. b3 Kg7 20. Bh5 Re7 21. Re2 Rae8 22. Nxb6 axb6 23. a4 c5 24. f3 Ng6 $132 {[%mdl 2048] Black is not holding back} 25. Qxf6+ Kxf6 26. Red2 Nf4 27. Bg4 Be6 28. Kf2 Ra8 29. c4 h5 30. Bxe6 Nxe6 31. h4 Nd4 32. hxg5+ Kxg5 33. Rh1 {aiming for Bh4+.} Kg6 34. Bf4 Nxb3 35. Rd5 f6 (35... Rxa4 {is interesting.} 36. Rhxh5 f6 37. Rdf5 Ra2+ 38. Kg3 Nd4) 36. Rdxh5 Rxa4 37. Rh6+ Kf7 38. g4 $1 {[%cal Rg4g5] Threatening g5.} Ke6 39. Bg5 (39. g5 $11) 39... Rf7 $15 ({Reject} 39... Rxc4 $6 40. Bxf6 Re8 41. g5 $14) 40. Rg6 Ke5 41. Ke3 $2 {[%mdl 8192]} (41. f4+ $17 {is a better chance.} Kxe4 42. Rxf6) 41... fxg5 $19 42. Rh8 {[#] Re8+ would kill now.} Rxf3+ $1 43. Kxf3 {White wants to mate with Ke3.} Nd2+ 44. Ke3 {[%cal Rh8e8]} Nxc4+ {Accuracy: White = 52%, Black = 60%.} 0-1

[Event "Chinese Chess League 2019"]
[Site "Shen Yang"]
[Date "2019.11.21"]
[Round "16.3"]
[White "Liu, Qingnan"]
[Black "Xu, Yinglun"]
[Result "1/2-1/2"]
[WhiteElo "2535"]
[BlackElo "2554"]
[Annotator "TA"]
[PlyCount "132"]
[EventDate "2019.04.09"]
[EventType "team-tourn"]
[EventCountry "CHN"]
[SourceTitle "playchess.com"]
[Source "ChessBase"]
[SourceQuality "1"]

{[%evp 16,132,15,0,16,0,0,0,29,35,19,26,40,43,90,50,50,40,41,41,41,11,21,20,24,0,0,0,56,57,55,52,52,52,67,63,72,72,70,54,54,54,51,49,53,53,62,58,58,45,45,45,47,46,49,44,49,45,59,45,68,40,40,40,40,40,68,68,68,68,68,68,68,68,68,68,68,68,68,61,68,68,68,68,79,70,68,28,28,8,8,8,8,8,8,7,8,8,8,8,8,8,8,8,8,0,0,0,0,0,1,0,1,0,0,0,0,0,0]} 1. e4 e6 2. d4 d5 3. Nc3 Nf6 4. e5 Nfd7 5. f4 c5 6. Nf3 Nc6 7. Be3 a6 8. Qd2 b5 9. Bd3 Be7 {C11: French: Classical System: 4 e5 and 4 Bg5 dxe4} (9... b4 10. Na4 c4 11. Be2 c3 12. Qd1 cxb2 13. Nxb2 Be7 14. O-O O-O 15. Bd3 f5 16. g4 Nb6 17. gxf5 exf5 {½-½ (43) Grischuk,A (2759)-Jumabayev,R (2630) Douglas 2019}) 10. dxc5 Nxc5 11. Qf2 d4 12. Nxd4 Nxd3+ 13. cxd3 Bb7 $146 ({Predecessor:} 13... Nb4 14. O-O Bb7 15. f5 Bh4 {1-0 (24) Paulet,I (2187)-Boehm,M (2234) Ortisei 2016}) 14. O-O Rc8 15. Nxc6 Bxc6 16. f5 exf5 17. Qxf5 O-O 18. Rad1 b4 19. Ne4 Qd5 20. Rf3 Bd7 21. Qf4 $1 f5 (21... Rc6 $11) 22. exf6 $1 $14 Bxf6 23. Nxf6+ {[%mdl 64] [#] Discovered Attack} Rxf6 24. Qe4 ({Avoid the trap} 24. Qxb4 $2 Rxf3 25. Qd4 (25. gxf3 $2 Qxf3 {[%mdl 64] Double Attack} 26. Qd2 Rf8 $19) 25... Qxd4 $19) 24... Qxe4 25. dxe4 Bc6 26. Rxf6 gxf6 $16 {[%mdl 4096] Endgame KRB-KRB} 27. Rd6 Bxe4 28. Rxf6 Rc2 29. g3 h5 30. Rf4 Bd5 31. Rxb4 Bxa2 32. Rh4 Bf7 33. Bd4 Re2 34. Bc3 Bg6 35. Ra4 Bd3 36. Rd4 Bb5 37. Rd6 Rc2 38. Rh6 Rc1+ 39. Kg2 Rc2+ 40. Kh3 Kf7 41. g4 hxg4+ 42. Kxg4 a5 43. Rf6+ Ke7 {[#] And now ...Rxc3! would win.} 44. Rb6 $1 {[%cal Rb6b5]} Bd7+ 45. Kg3 a4 46. h4 Be8 47. Bf6+ Kd7 48. Be5 Rc4 49. Bf4 Bh5 50. Rb5 Be2 51. Re5 Rc2 52. h5 Rxb2 {The position is equal.} 53. h6 Rb3+ 54. Kh4 Bd3 55. Ra5 Rb4 56. Kg5 {Rd5+ is the strong threat.} Kc6 57. Ra7 Rb5+ 58. Kh4 Rb4 59. Kg4 Re4 60. Rc7+ Kb5 61. Rc3 Bb1 62. Rc8 {Threatens to win with Rb8+.} Bd3 63. Rc3 Bb1 64. Rc7 Bd3 65. Rd7 Kc4 66. h7 Re8 {Accuracy: White = 68%, Black = 71%.} 1/2-1/2

[Event "Chinese Chess League 2019"]
[Site "Shen Yang"]
[Date "2019.11.21"]
[Round "16.4"]
[White "Dzagnidze, Nana"]
[Black "Ning, Kaiyu"]
[Result "1/2-1/2"]
[WhiteElo "2502"]
[BlackElo "2330"]
[Annotator "TA"]
[PlyCount "67"]
[EventDate "2019.04.09"]
[EventType "team-tourn"]
[EventCountry "CHN"]
[SourceTitle "playchess.com"]
[Source "ChessBase"]
[SourceQuality "1"]

{[%evp 23,67,41,58,1,12,8,12,10,14,0,0,0,-8,-18,0,-8,-8,-10,-10,-10,-10,-10,-10,-10,-8,-6,0,0,0,-7,0,-15,0,0,0,0,0,0,0,0,0,0,0,0,0,0]} 1. e4 e6 2. d4 d5 3. Nd2 c5 4. Ngf3 cxd4 5. exd5 Qxd5 6. Bc4 Qd6 7. O-O Nf6 8. Nb3 Nc6 9. Re1 a6 10. Nbxd4 Nxd4 11. Nxd4 Qc7 12. Bb3 Bd6 13. h3 {C07: French Tarrasch: 3...c5, 4 Ngf3 and 4 exd5 Qxd5} (13. Nf5 $14 Bxh2+ 14. Kh1) (13. Nf5 Bxh2+ 14. Kh1 O-O 15. Nxg7 Rd8 16. Qf3 Kxg7 17. Bh6+ Kg6 18. c3 Nh5 19. Be3 f5 20. Rad1 Rxd1 21. Bxd1 Nf6 22. g3 Bd7 23. Kxh2 Bc6 24. Qe2 Re8 25. Qc4 Ne4 26. Bf3 b5 {½-½ (42) Pichot,A (2552)-Le,Q (2737) Caleta 2018}) 13... O-O {The position is equal.} 14. Bg5 Bh2+ 15. Kh1 Bf4 16. Bxf6 gxf6 17. c3 Kh8 {[#]} 18. Qf3 $146 ({Predecessor:} 18. Re4 Rg8 {½-½ (20) Nevednichy,V (2576)-Lalic,B (2488) Sibenik 2006}) 18... Rg8 19. Re4 Be5 20. Rae1 {And now Rxe5! would win.} Bd7 21. Rxe5 {[%mdl 64] [#] Remove Defender} fxe5 22. Qf6+ {[%mdl 64] Double Attack} Rg7 23. Rxe5 {Black must now prevent Rg5.} Qd8 24. Qf3 Qc7 25. Qf6 {[#] Rg5 is the strong threat.} Qd8 26. Qf4 Qc7 27. Bc2 Rag8 28. g3 Qb8 {Threatens to win with ...f6!} 29. Qf6 {White threatens Rh5! and mate.} Qd8 30. Qf3 Qc7 31. Qf6 {Rh5! would kill now.} Qd8 $1 {[%cal Rd8f6]} 32. Qf3 Qc7 33. Qf6 {Threatening mate with Rh5!} Qd8 $1 {[%cal Rd8f6]} 34. Qf3 {Accuracy: White = 59%, Black = 56%.} 1/2-1/2

[Event "Chinese Chess League 2019"]
[Site "Shen Yang"]
[Date "2019.11.21"]
[Round "16.5"]
[White "Li, Xueyi"]
[Black "Stefanova, Antoaneta"]
[Result "1-0"]
[WhiteElo "2270"]
[BlackElo "2481"]
[Annotator "TA"]
[PlyCount "75"]
[EventDate "2019.04.09"]
[EventType "team-tourn"]
[EventCountry "CHN"]
[SourceTitle "playchess.com"]
[Source "ChessBase"]
[SourceQuality "1"]

{[%evp 14,97,34,37,50,35,43,40,44,11,15,-12,-14,-16,-8,-16,8,-58,-28,-28,-16,-20,-16,-20,-15,-26,-26,-29,-31,-30,-24,-19,-20,-27,-22,-21,-6,-30,-16,-20,-18,-21,0,0,9,9,12,10,80,84,83,81,79,75,78,78,81,76,154,116,165,114,211,192,433,437,390,374,636,616,918,885,1006,962,2373,2356,2289,2259,2036,1845,29989,29990,29990,29991,29997,29998]} 1. d4 d5 2. c4 c6 3. Nf3 Nf6 4. Nc3 ({Predecessor:} 4. e3 g6 5. Nc3 Bg7 6. Be2 O-O 7. O-O {½-½ (9) Rombaldoni,A (2494)-Banusz,T (2588) Fano 2013}) 4... a6 5. e3 g6 6. Be2 Bg7 7. O-O O-O 8. b3 b6 $146 {D94: Grünfeld: 4 Nf3 Bg7 5 e3} (8... Ne4 9. Bb2 Nxc3 10. Bxc3 Bg4 11. Rc1 e6 12. Ne5 Bxe2 13. Qxe2 Nd7 14. e4 Nf6 15. f3 Nd7 16. Rfd1 dxe4 17. Qxe4 {½-½ (43) Inarkiev,E (2693)-Xu,X (2576) Khanty-Mansiysk 2019}) 9. Bb2 Bb7 10. Rc1 e6 {White is slightly better.} 11. Nd2 Nbd7 12. e4 Nxe4 13. Ndxe4 dxe4 14. Nxe4 c5 15. Bf3 (15. Nd6 $11 Bc6 16. Rc2) 15... Qc7 16. Rc2 cxd4 17. Bxd4 Ne5 18. Bxe5 $1 Bxe5 19. Ng3 Rad8 20. Qe2 Bxf3 21. Qxf3 Rd4 22. Rd1 Rfd8 23. Rxd4 Rxd4 24. Nf1 Qd6 25. Qe2 Bg7 26. g3 Bh6 27. Qf3 Rd1 28. b4 {[%cal Bb3b4,Bb4c5,Bc5c6][%mdl 32]} Qd8 29. c5 {[#] Black must now prevent cxb6.} bxc5 30. bxc5 {Hoping for c6.} Rd7 (30... Qd5 $11 31. Qe2 (31. Qxd5 Rxd5 32. f4 Bg7 $11) 31... Qd3) 31. Qa3 Qc8 32. c6 Rc7 33. Qc5 Qb8 34. Qa5 Qc8 35. Qb6 e5 (35... Bf8 $142) 36. a4 e4 37. Qc5 ({Better is} 37. a5 $18) 37... Bf8 (37... Qe6 $16) 38. Qd5 {Played: Qc5-c4} 1-0

[Event "Chinese Chess League 2019"]
[Site "Shen Yang"]
[Date "2019.11.21"]
[Round "16.6"]
[White "Tomashevsky, Evgeny"]
[Black "Chen, Qi b"]
[Result "1/2-1/2"]
[WhiteElo "2712"]
[BlackElo "2436"]
[Annotator "TA"]
[PlyCount "190"]
[EventDate "2019.04.09"]
[EventType "team-tourn"]
[EventCountry "CHN"]
[SourceTitle "playchess.com"]
[Source "ChessBase"]
[SourceQuality "1"]

{[%evp 10,190,18,20,14,0,0,0,0,5,22,19,6,18,20,14,13,16,23,20,23,18,18,21,19,18,21,18,14,13,80,0,0,0,92,97,98,96,97,104,105,97,168,105,112,54,58,42,40,49,53,59,121,124,134,48,36,52,66,79,75,54,124,86,97,4,8,5,5,0,2,7,36,0,8,0,0,0,0,0,0,0,0,0,0,0,0,0,0,0,0,0,0,0,0,0,0,0,1,1,1,1,1,1,1,1,1,1,1,0,0,0,0,0,0,0,0,0,0,0,0,0,0,0,0,0,0,0,0,0,0,0,0,0,0,0,0,0,0,0,0,0,0,0,0,0,0,0,0,0,0,0,0,0,0,0,0,0,0,0,0,0,0,0,0,0,0,0,0,0,0,0,0,0,0,0,0,0,0,0,0,0,0]} 1. c4 Nf6 2. Nc3 e6 3. e4 d5 4. cxd5 exd5 5. e5 Ne4 6. Nf3 ({Much worse is} 6. Nxe4 dxe4 7. Qa4+ Nc6 $15) 6... Bf5 {A18: English Opening: Flohr-Mikenas System (1 c4 Nf6 2 Nc3 e6 3 e4)} 7. d3 Nxc3 8. bxc3 {[%cal Bb2c3,Bc3c4][%mdl 32]} c5 9. d4 Qa5 10. Bd2 Nc6 11. c4 Qd8 12. Qb3 Be4 $146 ({Predecessor:} 12... Be6 13. Qxb7 Rc8 14. Ng5 Nxd4 15. Nxe6 fxe6 {½-½ (43) Nepomniachtchi,I (2768)-Anand,V (2771) Batumi 2018}) 13. Qxb7 Rc8 14. Ng5 $36 {[%csl Gg5][%cal Rb7f7][%mdl 2048] White has the initiative.} Be7 {Threatens to win with ...Rc7.} 15. Nxe4 dxe4 16. d5 Nxe5 17. Qb5+ Qd7 18. Rb1 Qxb5 19. Rxb5 Kd7 (19... O-O $11 {keeps the balance.}) 20. Bc3 (20. Rb7+ $16 Rc7 21. Rb3) 20... Bf6 $1 $11 21. Kd2 Ng4 (21... Rb8 $1 $11) 22. Bxf6 $16 Nxf6 23. Be2 Kd6 24. Rhb1 Rc7 25. Ke3 g6 {[#]} (25... g5 $16 {is a better defense.}) 26. R1b3 (26. Kf4 $1 $18) 26... Ke5 27. Rb7 (27. Ra5 $16) 27... Rhc8 $1 $14 28. Rxc7 Rxc7 {[%mdl 4096] Endgame KRB-KRN} 29. Rb8 Nd7 $1 {[%cal Rd7b8]} 30. Rd8 Nb6 ({Better is} 30... Rb7 $14) 31. Re8+ $16 Kf6 32. Kf4 (32. Kxe4 $16 Re7+ 33. Rxe7 Kxe7 34. h4) 32... Nc8 $14 33. Rxe4 Nd6 34. Re3 Rb7 35. Ra3 Re7 (35... g5+ $14 36. Ke3 Rb4) 36. Bd3 g5+ 37. Kg4 ({White should play} 37. Kf3 $16) 37... Nxc4 $1 $11 {[%mdl 64] [#] Decoy} 38. Bxc4 {KRB-KR} Re4+ 39. Kf3 Rxc4 40. Rxa7 {KR-KR} Rd4 41. Ra6+ Ke7 {The position is equal.} 42. d6+ Ke6 43. Ke3 f5 44. g3 h5 45. a4 h4 46. a5 hxg3 47. hxg3 f4+ 48. gxf4 gxf4+ 49. Ke2 c4 50. Rb6 c3 51. Rc6 Ra4 52. a6 Ra2+ 53. Kf3 c2 54. a7 Rxa7 55. Rxc2 {aiming for Rd2.} Kxd6 56. Re2 Ra4 57. Kg4 Kd5 58. Kf5 Kd6 59. Re4 Ra2 60. f3 Ra8 61. Kxf4 Rf8+ 62. Kg4 Rg8+ 63. Kh5 Kd5 64. Re3 Rf8 65. Kg4 Rg8+ 66. Kf5 Rf8+ 67. Kg5 Rg8+ 68. Kf6 Rf8+ 69. Kg5 Rg8+ 70. Kh4 Rh8+ 71. Kg3 Rg8+ 72. Kf2 Rf8 73. Re4 Rg8 74. Ke3 Ra8 75. Kf4 Rf8+ 76. Kg3 Rg8+ 77. Rg4 Rf8 78. Ra4 Ke5 79. Re4+ Kd5 80. Re1 Rg8+ 81. Kh4 Rh8+ 82. Kg5 Rg8+ 83. Kh5 Rh8+ 84. Kg6 {Hoping for f4.} Rf8 85. Re3 Kd4 86. Ra3 Ke5 87. Kg7 Rb8 88. Ra7 Rb4 89. Kg6 Kf4 90. Rf7+ Kg3 91. Kg5 {Strongly threatening f4.} Rb5+ 92. Kg6 {Black must now prevent f4.} Rb6+ 93. Kg5 {f4 is the strong threat.} Rb5+ 94. Rf5 Rxf5+ 95. Kxf5 {Intending f4 and mate.} Kxf3 {Accuracy: White = 64%, Black = 80%.} 1/2-1/2

[Event "Chinese Chess League 2019"]
[Site "Shen Yang"]
[Date "2019.11.21"]
[Round "16.7"]
[White "Nie, Xinyang"]
[Black "Ganguly, Surya Shekhar"]
[Result "0-1"]
[WhiteElo "2351"]
[BlackElo "2644"]
[Annotator "TA"]
[PlyCount "38"]
[EventDate "2019.04.09"]
[EventType "team-tourn"]
[EventCountry "CHN"]
[SourceTitle "playchess.com"]
[Source "ChessBase"]
[SourceQuality "1"]

{[%evp 18,19,10,14]} 1. d4 Nf6 2. c4 e6 3. Nf3 d5 4. Nc3 Bb4 5. cxd5 exd5 6. Bg5 h6 7. Bxf6 Qxf6 8. Qa4+ Nc6 9. e3 O-O 10. Rc1 {[%mdl 32768] Loss on time!?} {Predecessor:} Rd8 $146 11. Be2 Bf8 12. O-O Ne7 13. Qc2 c6 14. b4 a6 15. a4 Ng6 16. b5 axb5 17. axb5 Bf5 18. Qb3 Bd6 19. bxc6 bxc6 {1-0 (39) Duda,J (2730)-Giri,A (2780) chess.com INT 2019} 0-1

[Event "Chinese Chess League 2019"]
[Site "Shen Yang"]
[Date "2019.11.21"]
[Round "16.8"]
[White "Peng, Xiongjian"]
[Black "Wei, Yi"]
[Result "0-1"]
[WhiteElo "2486"]
[BlackElo "2724"]
[Annotator "TA"]
[PlyCount "52"]
[EventDate "2019.04.09"]
[EventType "team-tourn"]
[EventCountry "CHN"]
[SourceTitle "playchess.com"]
[Source "ChessBase"]
[SourceQuality "1"]

{[%evp 11,96,0,13,13,5,15,33,18,27,27,56,66,60,0,0,0,0,6,0,0,0,7,7,0,0,-9,-93,-101,-61,-325,-338,-355,-388,-434,-405,-434,-421,-368,-399,-396,-381,-743,-722,-2167,-836,-750,-440,-434,-427,-421,-427,-423,-418,-512,-454,-646,-462,-443,-360,-461,-436,-556,-535,-552,-526,-656,-653,-653,-642,-883,-862,-781,-777,-1492,-1492,-1499,-1492,-1492,-1477,-1477,-1470,-1470,-1470,-1470,-1463,-1463,-733]} 1. d4 Nf6 2. g3 d5 3. Bg2 c6 4. Nf3 Bf5 5. c4 e6 6. Nc3 Nbd7 7. Qb3 {D11: Slav Defence: 3 Nf3 sidelines and 3...Nf6 4 e3 Bg4} Qb6 8. c5 Qa6 9. Nh4 {White is slightly better.} Bg6 10. O-O $146 ({Predecessor:} 10. Nxg6 hxg6 11. e4 b6 12. exd5 exd5 13. cxb6 axb6 14. Bf1 b5 {½-½ (42) So,W (2754)-Anand,V (2767) Stavanger 2019}) 10... e5 11. Nxg6 hxg6 12. e4 (12. e3 $1 $14) 12... exd4 $11 13. exd5 dxc3 14. Re1+ Kd8 15. dxc6 bxc6 16. Bg5 Bxc5 {Threatens to win with ...Qb6.} 17. Rad1 Kc8 {aiming for ...Qb6.} 18. Bxf6 Nxf6 19. Qxf7 {[#]} Rf8 $1 {[%cal Rf8f7]} ({Stronger than} 19... cxb2 20. Qxg7 Rf8 21. Re6 $18) 20. Qb3 $2 {[%mdl 8192]} (20. Qxg6 $15 Bxf2+ {[%mdl 64] Double Attack} 21. Kh1 Bxe1 22. Qxg7) 20... Qb6 $19 21. Qxc3 {Hoping for Re6.} Bxf2+ {[%mdl 64] Double Attack} 22. Kh1 Bxe1 23. Rxe1 {White wants to play Re6.} Rf7 24. Bxc6 Rc7 25. Re6 {intending Rd6.} a5 26. Qf3 $2 (26. g4 g5 27. h4) 26... Kb8 {Played: Qb6xb2} 0-1

[Event "Chinese Chess League 2019"]
[Site "Shen Yang"]
[Date "2019.11.21"]
[Round "16.9"]
[White "Shen, Yang"]
[Black "Huang, Qian"]
[Result "1/2-1/2"]
[WhiteElo "2410"]
[BlackElo "2427"]
[Annotator "TA"]
[PlyCount "65"]
[EventDate "2019.04.09"]
[EventType "team-tourn"]
[EventCountry "CHN"]
[SourceTitle "playchess.com"]
[Source "ChessBase"]
[SourceQuality "1"]

{[%evp 21,65,0,0,0,23,13,9,12,18,0,6,-13,-20,-27,-27,-13,-13,-13,-12,-6,-8,-14,-5,-12,0,-21,0,0,0,0,0,0,0,0,0,0,0,0,0,0,0,0,0,0,0,0]} 1. d4 d5 2. Nf3 Nf6 3. c4 c6 4. Qc2 dxc4 5. Qxc4 Bf5 6. g3 e6 7. Bg2 Nbd7 8. O-O Be7 9. Nc3 O-O 10. Re1 Ne4 11. Qb3 Qb6 12. Bf4 {D23: Queen's Gambit Accepted: 3 Nf3 Nf6 sidelines} (12. Nh4 Qxb3 13. axb3 Bb4 14. Nxf5 exf5 15. Bxe4 fxe4 16. Bd2 Rfe8 17. Nxe4 Rxe4 18. Bxb4 Rxd4 19. Bc3 Re4 {½-½ (29) Nguyen,N (2618)-Maghsoodloo,P (2636) Hamedan 2018}) 12... Qxb3 13. axb3 g5 $146 ({Predecessor:} 13... Bb4 14. Rec1 Nxc3 15. bxc3 Be7 16. Nd2 g5 17. Bc7 Rac8 18. Ba5 g4 19. c4 b6 {1-0 (41) Roselli Mailhe,B (2379)-Izquierdo,D (2288) Montevideo 2009}) 14. Be3 h6 15. Nxe4 Bxe4 16. Nd2 Bxg2 17. Kxg2 Nb6 (17... Nf6 {looks sharper.} 18. Nc4 Nd5 19. Bd2 Nc7 20. Bc3 Nb5) 18. Nc4 Nxc4 {The position is equal.} 19. bxc4 Rfd8 20. Red1 a6 21. Rd3 Rd7 22. f3 b5 23. Rb3 bxc4 (23... Rdd8 {is more complex.} 24. Ra5 Kh7 25. Bf2 Bd6 26. e4 Kg6) 24. Rb6 {[%mdl 64] [#] Double Attack} Bf6 25. Raxa6 Rxa6 26. Rxa6 Bxd4 27. Bxd4 Rxd4 28. Rxc6 $11 {KR-KR} Rd2 29. Kf2 Rxb2 30. Rxc4 Kg7 31. h4 Kg6 32. hxg5 hxg5 33. g4 {Accuracy: White = 58%, Black = 68%.} 1/2-1/2

[Event "Chinese Chess League 2019"]
[Site "Shen Yang"]
[Date "2019.11.21"]
[Round "16.10"]
[White "Guo, Qi"]
[Black "Javakhishvili, Lela"]
[Result "1/2-1/2"]
[WhiteElo "2403"]
[BlackElo "2457"]
[Annotator "TA"]
[PlyCount "84"]
[EventDate "2019.04.09"]
[EventType "team-tourn"]
[EventCountry "CHN"]
[SourceTitle "playchess.com"]
[Source "ChessBase"]
[SourceQuality "1"]

{[%evp 21,84,5,36,21,36,10,10,12,0,10,48,8,10,0,0,-14,-19,-24,-21,-22,-26,-14,-18,-17,-17,-43,-11,-8,-5,-8,0,0,0,0,0,0,0,0,0,-8,0,0,0,0,0,0,0,0,0,0,0,0,0,0,0,0,0,0,0,0,0,0,0,0,0]} 1. d4 Nf6 2. c4 e6 3. Nf3 d5 4. Nc3 c5 5. cxd5 Nxd5 6. e4 Nxc3 7. bxc3 cxd4 8. cxd4 Bb4+ 9. Bd2 Bxd2+ 10. Qxd2 O-O 11. Bc4 Nd7 12. O-O {D41: Queen's Gambit Declined: Semi-Tarrasch with 5 cxd5} b6 13. d5 (13. Rad1 Bb7 14. Rfe1 Rc8 15. Bb3 Re8 16. h3 Nf6 17. Qf4 Nh5 18. Qh2 h6 19. Nd2 b5 20. Qe5 Qg5 21. Qxg5 hxg5 22. Nf3 {½-½ (52) Mamedyarov,S (2774)-Ding,L (2805) Zagreb 2019}) 13... Nc5 14. Rfe1 Bb7 15. Rad1 Rc8 16. dxe6 $146 (16. Ne5 {with more complications.} exd5 17. exd5 Qd6 18. Bb5 Rfd8 19. Qe2) ({Predecessor:} 16. Qf4 exd5 17. exd5 Re8 18. d6 Rxe1+ 19. Rxe1 Ne6 20. Rxe6 fxe6 21. Bxe6+ Kh8 22. d7 Rc5 23. Ne5 Rxe5 24. Qxe5 {1-0 (24) Galunova,T (2166)-Frendzas,P (2307) Anogia 2018}) 16... Nxe6 17. Bxe6 fxe6 18. Qxd8 (18. Qb4 {is more complex.} Qf6 19. h3 h6 20. Qa4 Rc3 21. Qxa7 Rxf3 22. gxf3 Bxe4 23. Rxe4 Qxf3 24. Qa4) 18... Rfxd8 19. Ng5 Rxd1 20. Rxd1 $11 {[%mdl 4096] Endgame KRB-KRN} h6 21. Nxe6 Bxe4 22. f3 Bg6 23. Nd4 Bf7 24. a3 {The position is equal.} Rc5 25. Kf2 g6 26. Rd3 Kg7 27. g4 h5 28. h4 hxg4 29. fxg4 b5 30. Kg3 a5 31. Nb3 Bxb3 32. Rxb3 {KR-KR} b4 33. axb4 Rb5 34. Ra3 axb4 35. Rb3 Kf6 36. Kf4 g5+ 37. hxg5+ Kg6 38. Ke4 Rxg5 39. Kd4 Rxg4+ 40. Kc5 Kf6 41. Rxb4 Rxb4 42. Kxb4 Ke5 {Accuracy: White = 63%, Black = 81%.} 1/2-1/2